| 000 | 00405nam a2200109Ia 4500 | ||
|---|---|---|---|
| 008 | 220216s9999 xx 000 0 und d | ||
| 100 | _aNair V.K.B. | ||
| 245 | 0 | _aMorphology of Hevea | |
| 260 |
_bIn: Lecture notes for Short term training Course on Rubber Cultivation, Processing and Estate management, 1974, Rubber Research Institute of India, Kottayam, India. _c1974 |
||
| 650 | _aMorphology | ||
| 942 | _cBS | ||
| 999 |
_c49373 _d49373 |
||